Central Library OPAC University of Rajshahi

The Readers Encyclopedia of American Literature , (Record no. 86231)

MARC details
000 -LEADER
fixed length control field 00632nam a22001937a 4500
003 - CONTROL NUMBER IDENTIFIER
rucl marc code BD-RjUL
005 - DATE AND TIME OF LATEST TRANSACTION
control field 20260301105543.0
008 - FIXED-LENGTH DATA ELEMENTS--GENERAL INFORMATION
fixed length control field 260301s1963 us a|||| g||| 00| 0 eng d
035 ## - SYSTEM CONTROL NUMBER
System control number (BD-RjUL)
040 ## - CATALOGING SOURCE
Original cataloging agency BD-RjUL
Language of cataloging eng
Transcribing agency BD-RjUL
Modifying agency DLC
Description conventions DLC
041 ## - LANGUAGE CODE
Language code of text/sound track or separate title eng
082 ## - DEWEY DECIMAL CLASSIFICATION NUMBER
Edition number 23
Classification number 810.3
Author mark and year HER 1963
245 ## - TITLE STATEMENT
Title The Readers Encyclopedia of American Literature ,
Statement of responsibility, etc. By Max, J. Herzberg
260 ## - PUBLICATION, DISTRIBUTION, ETC. (IMPRINT)
Place of publication, distribution, etc. New York
Name of publisher, distributor, etc. Metthuen & Company Limited 36 Essex Street WC2
Date of publication, distribution, etc. 1963
300 ## - PHYSICAL DESCRIPTION
Pagination 1280 page,
Illustrations illustrations ;
Size 16 cm.
650 ## - SUBJECT ADDED ENTRY--TOPICAL TERM
Topical term or geographic name as entry element American Literature
Form subdivision Encyclopedia
9 (RLIN) 17830
700 ## - ADDED ENTRY--PERSONAL NAME
Personal name Herzberg, Max, J. By
942 ## - ADDED ENTRY ELEMENTS (KOHA)
Source of classification or shelving scheme Dewey Decimal Classification
Koha item type Books

No items available.